| 000 | 00654nam a2200301Ia 4500 | ||
|---|---|---|---|
| 005 | 20260401122227.0 | ||
| 008 | 008 250103s9999 xx 000 0 eng d | ||
| 020 | _a8175362936 | ||
| 037 | _aTB | ||
| 040 | _aEDL | ||
| 040 | _beng | ||
| 040 | _cEDL | ||
| 041 | _2eng | ||
| 041 | _aeng | ||
| 084 | _a891.431 TRE | ||
| 084 | _qEDL | ||
| 100 |
_aTrevor, G.H. _91232959 |
||
| 245 | 0 | _aRhymes of Rajputana | |
| 245 | 0 | _cTrevor, G.H. | |
| 260 | _aNew Delhi | ||
| 260 | _bLow Price Publications | ||
| 260 | _c2002 | ||
| 300 | _a237p | ||
| 942 | _cTB | ||
| 942 | _h891.431 TRE | ||
| 999 |
_c1845783 _d1845783 |
||